书目信息 |
| 题名: |
工业数据分析工程
|
|
| 作者: | 田春华 著 | |
| 分册: | ||
| 出版信息: | 北京 机械工业出版社 2024.09 |
|
| 页数: | 226页 | |
| 开本: | 26cm | |
| 丛书名: | 数字化工厂与智能制造丛书 | |
| 单 册: | ||
| 中图分类: | F407.4 | |
| 科图分类: | ||
| 主题词: | 制造工业--数据处理 | |
| 电子资源: | ||
| ISBN: | 978-7-111-75979-9 | |
| 000 | 00995oam2 2200265 450 | |
| 001 | 012647616 | |
| 005 | 20251022180042.65 | |
| 010 | @a978-7-111-75979-9@dCNY99.00 | |
| 100 | @a20240812d2024 em y0chiy0120 ea | |
| 101 | 0 | @achi |
| 102 | @aCN@b110000 | |
| 105 | @aa z 000yy | |
| 106 | @ar | |
| 200 | 1 | @a工业数据分析工程@9gong ye shu ju fen xi gong cheng@e基于CRISP-DM的形式化方法@f田春华[等]著 |
| 210 | @a北京@c机械工业出版社@d2024.09 | |
| 215 | @a226页@c图@d26cm | |
| 225 | 1 | @a数字化工厂与智能制造丛书 |
| 330 | @a本书在CRISP-DM基础上,细化了工业数据分析中的具体活动,针对关键活动提出了明确的形式化方法,并用具体的行业案例进行阐述,尝试为工业大数据分析构建一套实操性的工程方法体系。 | |
| 461 | 0 | @12001 @a数字化工厂与智能制造丛书 |
| 510 | 1 | @aCRISP-DM for industrial data analytics engineering@zeng |
| 606 | 0 | @a制造工业@x数据处理 |
| 690 | @aF407.4@v5 | |
| 701 | 0 | @a田春华@9tian chun hua@4著 |
| 801 | 0 | @aCN@c20250905 |
| 905 | @a河南城建学院图书馆@dF407.4@eT602-2@ZT602-2@f1 | |
| 工业数据分析工程:基于CRISP-DM的形式化方法/田春华[等]著.-北京:机械工业出版社,2024.09 |
| 226页:图;26cm.-(数字化工厂与智能制造丛书) |
| ISBN 978-7-111-75979-9:CNY99.00 |
| 本书在CRISP-DM基础上,细化了工业数据分析中的具体活动,针对关键活动提出了明确的形式化方法,并用具体的行业案例进行阐述,尝试为工业大数据分析构建一套实操性的工程方法体系。 |
| ● |
| 相关链接 |
|
|
|
正题名:工业数据分析工程
索取号:F407.4/T602-2
 
预约/预借
| 序号 | 登录号 | 条形码 | 馆藏地/架位号 | 状态 | 备注 |
| 1 | 1631231 | 216312318 | 社科库409/409社科库 34排2列4层/ [索取号:F407.4/T602-2] | 在馆 |